Toohey's medicine : (Record no. 3098)
[ view plain ]
| 000 -LEADER | |
|---|---|
| fixed length control field | 00879nam a2200265 a 4500 |
| 003 - CONTROL NUMBER IDENTIFIER | |
| control field | ALUPE UNIVERSITY |
| 005 - DATE AND TIME OF LATEST TRANSACTION | |
| control field | 20210817063653.0 |
| 008 - FIXED-LENGTH DATA ELEMENTS--GENERAL INFORMATION | |
| fixed length control field | 950206s1995 stka 001 0 eng d |
| 020 ## - INTERNATIONAL STANDARD BOOK NUMBER | |
| International Standard Book Number | 0443047049 |
| 040 ## - CATALOGING SOURCE | |
| Transcribing agency | ALUPE UNIVERSITY |
| 050 ## - LIBRARY OF CONGRESS CALL NUMBER | |
| Classification number | R729 |
| Item number | .T6 1995 |
| 092 ## - LOCALLY ASSIGNED DEWEY CALL NUMBER (OCLC) | |
| Classification number | D0502181098 |
| 100 1# - MAIN ENTRY--PERSONAL NAME | |
| Personal name | Toohey, M. |
| 245 10 - TITLE STATEMENT | |
| Title | Toohey's medicine : |
| Remainder of title | a textbook for students in the health care professions / |
| Statement of responsibility, etc. | edited by Stephen R. Bloom ; nursing advisor, Helen Steele |
| 250 ## - EDITION STATEMENT | |
| Edition statement | 15th ed. |
| 260 ## - PUBLICATION, DISTRIBUTION, ETC. | |
| Place of publication, distribution, etc. | Edinburgh : |
| Name of publisher, distributor, etc. | Churchill Livingstone, |
| Date of publication, distribution, etc. | 1995 |
| 300 ## - PHYSICAL DESCRIPTION | |
| Extent | 377 p., [4] p. of col. plates : |
| Other physical details | ill. ; |
| Dimensions | 25 cm |
| 500 ## - GENERAL NOTE | |
| General note | Spine title: Toohey's medicine |
| 504 ## - BIBLIOGRAPHY, ETC. NOTE | |
| Bibliography, etc. note | Includes index |
| 650 #0 - SUBJECT ADDED ENTRY--TOPICAL TERM | |
| Topical term or geographic name entry element | Medicine |
| 700 1# - ADDED ENTRY--PERSONAL NAME | |
| Personal name | Bloom, Stephen Robert. |
| 700 1# - ADDED ENTRY--PERSONAL NAME | |
| Personal name | Steele, Helen. |
| 942 ## - ADDED ENTRY ELEMENTS (KOHA) | |
| Source of classification or shelving scheme | |
| Koha item type | Book |
| Suppress in OPAC | PW |
| Withdrawn status | Lost status | Source of classification or shelving scheme | Damaged status | Not for loan | Permanent Location | Current Location | Shelving location | Date acquired | Source of acquisition | Total Checkouts | Total Renewals | Full call number | Barcode | Date last seen | Date last checked out | Copy number | Price effective from | Koha item type | Public note |
|---|---|---|---|---|---|---|---|---|---|---|---|---|---|---|---|---|---|---|---|
| AU LIBRARY | AU LIBRARY | Open Shelf | 17.08.2021 | DONATION FROM MOI UNIVERSITY | 1 | 1 | R729 .T6 1995 C1 | 28004165 | 20.04.2023 | 31.03.2023 | 1 | 17.08.2021 | Book | PW | |||||
| AU LIBRARY | AU LIBRARY | Open Shelf | 30.03.2022 | DONATION FROM MOI UNIVERSITY | R729 .T6 1995 C2 | 28011706 | 30.03.2022 | 2 | 30.03.2022 | Book | WO |